| 000 | 00527nam a2200217 a 4500 | ||
|---|---|---|---|
| 999 |
_c6718 _d6718 |
||
| 001 | 6718 | ||
| 003 | BD-JhCC | ||
| 005 | 20180129092600.0 | ||
| 008 | 180129s1977 ii |||| || | 000 0 eng d | ||
| 035 | _a(BD-JhCC)6718 | ||
| 040 |
_aBD-JhCC _dBD-JhCC |
||
| 041 | _aeng | ||
| 082 |
_a823.914 _bSMI 1977 |
||
| 100 | _aSmith, Wilbur | ||
| 245 |
_aA Sparrow Falls / _cWilbur Smith, |
||
| 260 |
_aIndia : _bMacmillan India Press _c1977 |
||
| 300 |
_a539 p. : _c18 cm. |
||
| 650 | _aFiction | ||
| 942 |
_2ddc _cBK |
||